NBA Chain Quiz #2 - Statistics

General Stats
  • This quiz has been taken 12,123 times
  • The average score is 8 of 20
Answer Stats
# Hint Answer % Correct
1 A player who scored 100 points in a NBA game Wilt Chamberlain
100%
2 Who win a title with the 76ers and this other team Los Angeles Lakers
66%
3 Whose All-Time best scorer is Kobe Bryant
64%
4 Who win his 5 titles while being coached by the coach Phil Jackson
60%
5 Who also was the coach of this team, 6-time NBA champion Chicago Bulls
58%
6 Who used their #7 Pick of the 2019 Draft to select Coby White
51%
7 Same number this MVP has been draft in 2009 Stephen Curry
46%
8 Whose first title have been won this year 2015
44%
9 40 years after this Finals MVP brought their 3rd title to the Warriors Rick Barry
38%
10 Who played for 3 teams in this other association/league ABA
34%
11 Whose last title has been won in 1976 by this team New York Nets
29%
14 Who won their only title this year 1979
28%
12 Who signed this Forward Superstar during the 2019 Free Agency Kevin Durant
28%
13 Whose first team was Seattle Supersonics
28%
16 This number has been retired by the 76ers in his honor 2
22%
15 Whose MVP this year was this center Moses Malone
22%
18 The Celtics who won this amount of titles 17
21%
19 And 11 of them has been won with this player Bill Russell
21%
17 2 as the number of Finals MVP won by this Celtics player Larry Bird
21%
20 Whose had a great rivality with this other player Wilt Chamberlain
21%
No matching quizzes found
Score Distribution
Percent of People with Each Score
Percentile by Number Answered
Your Score History
You have not taken this quiz